| 000 | 00662nam a22001697a 4500 | ||
|---|---|---|---|
| 999 |
_c14871 _d14871 |
||
| 008 | 200123b ||||| |||| 00| 0 eng d | ||
| 082 |
_22019 _aUT 1414 _bF39 |
||
| 100 |
_aFernandez, Zamerd A. _941280 |
||
| 245 |
_a4th Grade Pupil's Performance on a Mother-Tongue Based Mathematics Assessment/ _cZamerd A.Fernandez, Marielle Faye C. Giangan & Novelyn C. Sumaco |
||
| 260 |
_aDigos City _bUMDC _cDecember 2019 |
||
| 300 |
_a35 pages _c30 cm |
||
| 650 |
_aTeacher Education _vElementary _xUndergraduate Thesis _941208 |
||
| 700 |
_aFernandez,Zamerd A. _941281 |
||
| 700 |
_aGiangan, Marielle Faye C. _941282 |
||
| 700 |
_aSumaco,Novelyn C. _941283 |
||
| 942 |
_2ddc _cUT |
||